Man-song /

Bibliographic Details
Main Author: Neihardt, John G., 1881-1973
Format: Book
Language:English
Published: Lincoln : University of Nebraska Press, [1991]

MARC

Tag First Indicator Second Indicator Subfields
LEADER 00000cam a2200000 a 4500
001 in00001049613
005 20180224064222.0
008 910515r19911909nbu s000 0 eng
010 |a  91019103  
020 |a 0803233329 (cloth : alk. paper) 
035 |a (OCoLC)23868422 
035 |9 AFL0378AM 
040 |a DLC  |c DLC  |d TXA  |d UtOrBLW 
049 |a TXAM 
050 0 0 |a PS3527.E35  |b M3 1991 
082 0 0 |a 811/.52  |2 20 
100 1 |a Neihardt, John G.,  |d 1881-1973. 
245 1 0 |a Man-song /  |c by John G. Neihardt. 
264 1 |a Lincoln :  |b University of Nebraska Press,  |c [1991] 
300 |a vi, 117 pages :  |b illustrations ;  |c 22 cm. 
336 |a text  |b txt  |2 rdacontent 
337 |a unmediated  |b n  |2 rdamedia 
338 |a volume  |b nc  |2 rdacarrier 
500 |a Reprint. Originally published: New York : M. Kennerley, 1909. 
999 |a MARS 
999 f f |s 3b40ee56-a004-3d55-a986-70dda4e6cdc9  |i bc6b577f-a987-3b11-b721-1f536dac0a74  |t 0 
952 f f |p ric  |a Texas A&M University  |b Rellis Campus  |c Joint Library Facility  |d Remote Storage  |t 0  |e PS3527.E35 M3 1991  |h Library of Congress classification  |i unmediated -- volume  |m A14815641216 
998 f f |a PS3527.E35 M3 1991  |t 0  |l Remote Storage